| 000 | 00597nam a2200205Ia 4500 | ||
|---|---|---|---|
| 008 | 180207s9999 xx 000 0 und d | ||
| 020 | _a9780176051299 | ||
| 050 | _bB716 1989 | ||
| 100 | _aBonners, Susan | ||
| 245 | _aJust in passing / | ||
| 245 | _cby Susan Bonners. | ||
| 260 | _aNew York : | ||
| 260 | _bDelmar Publishers Inc., | ||
| 260 | _c1989 | ||
| 300 | _a32 pages : | ||
| 300 | _bchiefly colored ; | ||
| 300 | _c17cm. | ||
| 440 | _aEarly bird. | ||
| 650 | _aSummary : A yawn is passed from a baby to an enormous number of people, one by one, until it comes back to the baby. | ||
| 999 |
_c355679 _d355679 |
||